Jazyk volebnej kampane
Prepojenosť jazyka a politiky. Volebná kampaň. Volebná kampaň na internete. Zdroje jazyka volebnej kampane. Volebný slogan, volebný program, predvolebné diskusie, stranícke mítingy, internetové texty.
Salvato in:
| Autore principale: | |
|---|---|
| Altri autori: | |
| Natura: | Capitolo di libro |
| Lingua: | slovacco |
| Soggetti: | |
| Tags: |
Nessun Tag, puoi essere il primo ad aggiungerne!!
|
MARC
| LEADER | 00000naa$a2200000$$$4500 | ||
|---|---|---|---|
| 001 | 0239486 | ||
| 005 | 20240502073859.9 | ||
| 041 | 0 | |a slo | |
| 044 | |a SK | ||
| 245 | 1 | 0 | |a Jazyk volebnej kampane |c Radoslav Štefančík, Mária Petriková |
| 520 | |a Prepojenosť jazyka a politiky. Volebná kampaň. Volebná kampaň na internete. Zdroje jazyka volebnej kampane. Volebný slogan, volebný program, predvolebné diskusie, stranícke mítingy, internetové texty. | ||
| 610 | 2 | 0 | |a kampane volebné |
| 610 | 2 | 0 | |a voľby |
| 610 | 2 | 0 | |a politika |
| 610 | 2 | 0 | |a komunikácia |
| 610 | 2 | 0 | |a internet |
| 610 | 2 | 0 | |a jazyk štátny |
| 100 | 1 | |a Štefančík, Radoslav, 1976- | |
| 700 | 1 | |a Petriková, Mária | |